Statistics for The Lord of the Rings Ring-bearers

Click here to take the quiz!

General Stats

  • This quiz has been taken 280 times
  • The average score is 6 of 7

Answer Stats

Ring-bearers % Correct
Frodo Baggins
99%
Gollum
98%
Samwise Gamgee
96%
Bilbo Baggins
95%
Sauron
95%
Isildur
85%
Tom Bombadil
45%

Score Distribution

Percentile by Number Answered

Percent of People with Each Score

Your Score History

You have not taken this quiz